Sir Lallubhai Samdas : (Record no. 146889)

MARC details
000 -LEADER
fixed length control field 00616nam a22001937a 4500
005 - DATE AND TIME OF LATEST TRANSACTION
control field 20171026172033.0
010 ## - LCCN (DPL NO)
LC control number ENG-120924
020 ## - INTERNATIONAL STANDARD BOOK NUMBER
International Standard Book Number 9788123776248
Terms of availability 140.00
035 ## - SYSTEM CONTROL NUMBER
System control number EN-104456
037 ## - SOURCE OF ACQUISITION
Source of stock number/acquisition DBAD/PUB
082 ## - DEWEY DECIMAL CLASSIFICATION NUMBER
Classification number 921
100 ## - MAIN ENTRY--PERSONAL NAME
Personal name Basu,Aparan
245 ## - TITLE STATEMENT
Title Sir Lallubhai Samdas :
Statement of responsibility, etc by Aprana Basu
Remainder of title a porteait /
260 ## - PUBLICATION, DISTRIBUTION, ETC. (IMPRINT)
Place of publication, distribution, etc New Delhi
Name of publisher, distributor, etc National Book Trust
Date of publication, distribution, etc 2015
270 ## - ADDRESS
Address Nehru Bhawan, 5 Institutional Area, Phase -II,
City New Delhi
Postal code 110070
300 ## - PHYSICAL DESCRIPTION
Extent xviii,107p.
Dimensions 22cm(pbk)
Other physical details ill.
500 ## - GENERAL NOTE
General note Includes bibliographical references and index
942 ## - ADDED ENTRY ELEMENTS (KOHA)
Source of classification or shelving scheme Dewey Decimal Classification
Item type English Books
Call number suffix LAL
Classification part 921
Holdings
Withdrawn status Lost status Not for loan Collection code Home library Current library Date acquired Source of acquisition Cost, normal purchase price Full call number Barcode Copy number Cost, replacement price Koha item type
    Not For Loan Non-fiction D.B.Act.Division Bawana 26/10/2017 DBAD/PUB 140.00 921 LAL EN-104456 1 140.00 English Books

© Delhi Public Library
Hit Counter
free hit counter